Pani k liay ap k jism ki cheekh o pukar/ (Record no. 614929)

000 -LEADER
fixed length control field 00417nam a22001577a 4500
020 ## - INTERNATIONAL STANDARD BOOK NUMBER
International Standard Book Number 9789692292026
082 ## - DEWEY DECIMAL CLASSIFICATION NUMBER
Classification number 613.43
Author Mark ABB
100 ## - MAIN ENTRY--PERSONAL NAME
Personal name Abbas, Ghulam
245 ## - TITLE STATEMENT
Title Pani k liay ap k jism ki cheekh o pukar/
Statement of responsibility, etc. Ghulam Abbas
260 ## - PUBLICATION, DISTRIBUTION, ETC.
Place of publication, distribution, etc. Rawalpindi:
Name of publisher, distributor, etc. Pakistan National Heart Association;
Date of publication, distribution, etc. 2016.
300 ## - PHYSICAL DESCRIPTION
Extent 192p
563 ## - BINDING INFORMATION
Binding note HB
650 ## - SUBJECT ADDED ENTRY--TOPICAL TERM
Topical term or geographic name entry element Hydration
650 ## - SUBJECT ADDED ENTRY--TOPICAL TERM
Topical term or geographic name entry element Water
942 ## - ADDED ENTRY ELEMENTS (KOHA)
Source of classification or shelving scheme
Koha item type Book
650 ## - SUBJECT ADDED ENTRY--TOPICAL TERM
-- 130748
Holdings
Withdrawn status Lost status Source of classification or shelving scheme Materials specified (bound volume or other part) Damaged status Not for loan Permanent Location Current Location Date acquired Total Checkouts Full call number Barcode Date last seen Price effective from Koha item type
      Donated by Rector Sectt NUST     Central Library (CL) Central Library (CL) 09/28/2025   613.43 ABB CL-D-3079 09/28/2025 09/28/2025 Book
© 2023 Central Library, National University of Sciences and Technology. All Rights Reserved.